Householders guide (Record no. 108819)

MARC details
000 -LEADER
fixed length control field 00977cad a22002175a 4500
001 - CONTROL NUMBER
control field L145545
008 - FIXED-LENGTH DATA ELEMENTS--GENERAL INFORMATION
fixed length control field 081021s2008 xxka e 000 0 eng d
035 ## - SYSTEM CONTROL NUMBER
System control number (Sirsi) u145545
041 0# - LANGUAGE CODE
Language code of text/sound track or separate title eng
050 04 - LIBRARY OF CONGRESS CALL NUMBER
Classification number 711.1 $2 18
110 2# - MAIN ENTRY--CORPORATE NAME
Corporate name or jurisdiction name as entry element United Kingdom
Subordinate unit Planning Portal
9 (RLIN) 4908
245 00 - TITLE STATEMENT
Title Householders guide
Medium [electronic resource]
260 ## - PUBLICATION, DISTRIBUTION, ETC.
Place of publication, distribution, etc. London
Name of publisher, distributor, etc. Planning Portal
Date of publication, distribution, etc. 2008
520 ## - SUMMARY, ETC.
Summary, etc. This interactive guide provides introductory advice on the planning implications of common household projects and directs readers to the relevant sections of the Planning Portal website for further research.
521 ## - TARGET AUDIENCE NOTE
Target audience note Introductory
590 ## - LOCAL NOTE (RLIN)
Local note KA NTK
651 #4 - SUBJECT ADDED ENTRY--GEOGRAPHIC NAME
Geographic name England and Wales
Chronological subdivision 1543-
690 ## - LOCAL SUBJECT ADDED ENTRY--TOPICAL TERM (OCLC, RLIN)
Topical term or geographic name as entry element ENVIRONMENTAL AND LAND CONSULTANCY-PLANNING AND DEVELOPMENT-DEVELOPMENT CONTROL-PLANNING APPLICATIONS
856 40 - ELECTRONIC LOCATION AND ACCESS
Uniform Resource Identifier <a href="https://www.planningportal.gov.uk/england/genpub/en/1115311947777.html">https://www.planningportal.gov.uk/england/genpub/en/1115311947777.html</a>
Public note View the item free of charge online at www.planningportal.gov.uk...
942 ## - ADDED ENTRY ELEMENTS (KOHA)
Suppress in OPAC 0
Holdings
Withdrawn status Lost status Source of classification or shelving scheme Damaged status Not for loan Home library Current library Shelving location Date acquired Total Checkouts Full call number Barcode Date last seen Copy number Price effective from Koha item type
    Dewey Decimal Classification     Virtual Virtual Online 21/10/2008   ONLINE PUBLICATION 145545-1001 06/08/2019 1 06/08/2019 Book